| Tag |
First Indicator |
Second Indicator |
Subfields |
| LEADER |
00000cam a2200000 4500 |
| 001 |
in00003481313 |
| 005 |
20151206122652.0 |
| 008 |
780630s1931 fr cfh 00000 fre |
| 010 |
|
|
|a 32002163
|
| 035 |
|
|
|a (OCoLC)ocm04019067
|
| 040 |
|
|
|a DLC
|c NJR
|d m.c.
|d TNY
|d UtOrBLW
|
| 082 |
0 |
|
|a 843.73
|
| 090 |
|
|
|a PQ2184.C5
|b A3
|
| 100 |
1 |
|
|a Abraham, Pierre,
|d 1892-
|
| 245 |
1 |
0 |
|a Cr1átures chez Balzac /
|c avec un texte inédit de Balzac.
|
| 264 |
|
1 |
|a Paris :
|b Gallimard, Éditions de la Nouvelle revue française,
|c [1931]
|
| 300 |
|
|
|a 342 pages :
|b illustrations ;
|c 19 cm.
|
| 336 |
|
|
|a text
|b txt
|2 rdacontent
|
| 337 |
|
|
|a unmediated
|b n
|2 rdamedia
|
| 338 |
|
|
|a volume
|b nc
|2 rdacarrier
|
| 490 |
1 |
|
|a Recherches sur la création intellectuelle. [Créatures ;
|v 1]
|
| 600 |
1 |
0 |
|a Balzac, Honoré de,
|d 1799-1850
|x Characters.
|
| 650 |
|
0 |
|a Characters and characteristics.
|
| 800 |
1 |
|
|a Abraham, Pierre,
|d 1892-.
|t Recherches sur la création intellectuelle.
|p Créatures ;
|v 1.
|
| 999 |
|
|
|a MARS
|
| 999 |
f |
f |
|s 98a5e075-d4b9-37f6-b7e3-235ad383debe
|i 4bcf7d46-d1bf-3f9f-b871-00e4617cadc1
|t 0
|
| 952 |
f |
f |
|p ric
|a Texas A&M University
|b Rellis Campus
|c Joint Library Facility
|d Remote Storage
|t 0
|e PQ2184.C5 A3
|h Library of Congress classification
|i unmediated -- volume
|m 32060002082572
|
| 998 |
f |
f |
|a PQ2184.C5 A3
|t 0
|l Remote Storage
|